Our education. (Record no. 77373)

MARC details
000 -LEADER
fixed length control field 00615cam a22002171 4500
001 - CONTROL NUMBER
control field sa 68000661
003 - CONTROL NUMBER IDENTIFIER
control field DLC
005 - DATE AND TIME OF LATEST TRANSACTION
control field 20260227112426.0
008 - FIXED-LENGTH DATA ELEMENTS--GENERAL INFORMATION
fixed length control field 710901r1948 ii b 000 0 eng
010 ## - LIBRARY OF CONGRESS CONTROL NUMBER
LC control number sa 68000661
040 ## - CATALOGING SOURCE
Original cataloging agency DLC
Transcribing agency DLC
Modifying agency DLC
043 ## - GEOGRAPHIC AREA CODE
Geographic area code a-ii---
050 00 - LIBRARY OF CONGRESS CALL NUMBER
Classification number LA1151
Item number .C52
100 1# - MAIN ENTRY--PERSONAL NAME
Personal name Chattopadhyay, K. P.
Fuller form of name (Kshitis Prasad),
Dates associated with a name 1897-1963.
245 10 - TITLE STATEMENT
Title Our education.
250 ## - EDITION STATEMENT
Edition statement [1st Indian ed.
260 ## - PUBLICATION, DISTRIBUTION, ETC.
Place of publication, distribution, etc. Calcutta]
Name of publisher, distributor, etc. National Council of Education, Bengal
Date of publication, distribution, etc. [1948]
300 ## - PHYSICAL DESCRIPTION
Extent iv, 156 p.
Dimensions 22 cm.
504 ## - BIBLIOGRAPHY, ETC. NOTE
Bibliography, etc. note Bibliographical footnotes.
650 #0 - SUBJECT ADDED ENTRY--TOPICAL TERM
Topical term or geographic name entry element Education
Geographic subdivision India
General subdivision History.

No items available.

Powered by Koha